The 4th man: (Record no. 14236)

000 -LEADER
fixed length control field 00542nam a2200181 a 4500
001 - CONTROL NUMBER
control field :::00012065$&:&@@
003 - CONTROL NUMBER IDENTIFIER
control field OkBaRHE
005 - DATE AND TIME OF LATEST TRANSACTION
control field 20000607103415.0
008 - FIXED-LENGTH DATA ELEMENTS--GENERAL INFORMATION
fixed length control field s1951 j 000 0 eng u
040 ## - CATALOGING SOURCE
Transcribing agency
100 1# - MAIN ENTRY--PERSONAL NAME
Personal name Roberts, Oral.
245 14 - TITLE STATEMENT
Title The 4th man:
Remainder of title and other famous sermons.
260 ## - PUBLICATION, DISTRIBUTION, ETC. (IMPRINT)
Place of publication, distribution, etc Tulsa, OK., :
Name of publisher, distributor, etc Healing Waters, Inc.
Date of publication, distribution, etc c1951
300 ## - PHYSICAL DESCRIPTION
Extent 124 p. ;
Dimensions 21 cm.
650 ## - SUBJECT ADDED ENTRY--TOPICAL TERM
Topical term or geographic name as entry element Sermons
942 ## - ADDED ENTRY ELEMENTS (KOHA)
Source of classification or shelving scheme
Koha item type Books
Copies
Date last seen Shelving location Price effective from Full call number Barcode Koha item type Lost status Date acquired Source of classification or shelving scheme Permanent Location Damaged status Copy number Not for loan Withdrawn status
2010-04-14General Stacks2010-04-14BX 8776 .Z6R6212065Books 2010-04-14 RHEMA Bible Training College 1